Ethics of Artificial Intelligence In Education (Record no. 43587)
[ view plain ]
| 000 -LEADER | |
|---|---|
| fixed length control field | 00545nam a22001817a 4500 |
| 005 - DATE AND TIME OF LATEST TRANSACTION | |
| control field | 20250417095723.0 |
| 008 - FIXED-LENGTH DATA ELEMENTS--GENERAL INFORMATION | |
| fixed length control field | 250405b |||||||| |||| 00| 0 eng d |
| 020 ## - INTERNATIONAL STANDARD BOOK NUMBER | |
| International Standard Book Number | 9781787154087 |
| 041 ## - LANGUAGE CODE | |
| Language code of text/sound track or separate title | eng |
| 082 ## - DEWEY DECIMAL CLASSIFICATION NUMBER | |
| Classification number | 371.334 LIN |
| 100 ## - MAIN ENTRY--PERSONAL NAME | |
| Author | Linder, Toni |
| 245 ## - TITLE STATEMENT | |
| Title | Ethics of Artificial Intelligence In Education |
| 260 ## - PUBLICATION, DISTRIBUTION, ETC. | |
| Place | Uk |
| Publisher | Kruger Brentt Publishers UK Ltd. |
| Publication Year | 2025 |
| 300 ## - PHYSICAL DESCRIPTION | |
| Extent | 289; .pages 25 cm |
| 650 ## - SUBJECT ADDED ENTRY--TOPICAL TERM | |
| Subject | Artificial Intelligence Educational Applications; Computer assisted instruction |
| 700 ## - ADDED ENTRY--PERSONAL NAME | |
| Co-Author | Smith, Ann |
| 942 ## - ADDED ENTRY ELEMENTS (KOHA) | |
| Koha item type | Books |
| Withdrawn status | Lost status | Source of classification or shelving scheme | Damaged status | Not for loan | Home library | Current library | Shelving location | Accession Date | Vendor | Price | Bill number | Total Checkouts | Total Renewals | Full call number | Barcode No | Date last seen | Date last checked out | Discount | Bill Date | Koha item type | Suggested By |
|---|---|---|---|---|---|---|---|---|---|---|---|---|---|---|---|---|---|---|---|---|---|
| Dewey Decimal Classification | IMTN | IMTN | Rack 16-B | 03/28/2025 | Raghav Book Private Limited | 9905.70 | 2374 | 1 | 1 | 371.334 LIN | 33871 | 07/16/2025 | 07/04/2025 | 33 | 02/14/2025 | Books | Dr Mantha Raghu (Head librarian) |